000 00627cam a22002413a 4500
001 23878
003 PGUSA
005 20140828083517.0
008 071217s2007||||xxu|||||s|||||000 | eng d
040 _aPGUSA
_beng
042 _adc
050 4 _aPL
100 1 _aTianhuazangzhuren
245 1 0 _a人間樂
_h[electronic resource] /
_cTianhuazangzhuren
260 _bProject Gutenberg,
_c2007
506 _aPublic domain in the USA.
516 _aElectronic text
740 0 _aRen Jian Le
740 0 _a人间乐
830 0 _aProject Gutenberg
_v23878
856 4 0 _uhttp://www.gutenberg.org/ebooks/23878
942 _cEB
999 _c253133
_d253133